[Event "TLSE-Debreceni SI"]
[Site "Kecskemét"]
[Date "2018.03.04"]
[Round "7.10"]
[White "Abel, Lajos"]
[Black "Istvanovszki, Kalman"]
[Result "1-0"]
[WhiteElo "2223"]
[BlackElo "2229"]
[PlyCount "103"]
[EventDate "2017.10.29"]
[EventType "team-tourn"]
[EventRounds "9"]
[EventCountry "HUN"]
[Source "chess.hu"]
[SourceDate "2018.03.05"]
[WhiteTeam "Toth Laszlo SE"]
[BlackTeam "D. Sakkiskola-Kwizda"]
[WhiteTeamCountry "HUN"]
[BlackTeamCountry "HUN"]

1. d4 c5 2. c3 b6 3. Bf4 d6 4. dxc5 bxc5 5. Nd2 Nf6 6. e4 Nbd7 7. Ngf3 Rb8 8.
Qc2 Qb6 9. b3 g6 10. Bd3 Bg7 11. O-O O-O 12. Rfe1 Ba6 13. Nc4 Bxc4 14. Bxc4 Qa5
15. Rad1 Ng4 16. Bd2 Nge5 17. Nxe5 Nxe5 18. Bf1 Qc7 19. h3 Rfc8 20. f4 Nc6 21.
Be3 Qa5 22. Rc1 Qa3 23. Be2 Qa5 24. Rf1 Qd8 25. Rcd1 Qa5 26. Bd2 Qb6 27. Kh1
Qc7 28. Bc4 Na5 29. Be2 Nc6 30. Rf3 Qb6 31. Be1 Bf6 32. Rd5 Qb7 33. Bg3 Bg7 34.
Qd1 Rd8 35. h4 Qc7 36. h5 Qa5 37. Qc2 Qc7 38. Rf1 Qa5 39. Be1 Qb6 40. Rd1 Rf8
41. Bh4 Qa5 42. Rf3 Qc7 43. Rh3 Rbe8 44. hxg6 hxg6 45. Qd3 Rd8 46. Bg5 Qc8 47.
Qg3 f6 48. Bh6 Kf7 49. f5 g5 50. Bc4+ d5 51. Rxd5 e6 52. Rxc5 1-0

[Event "TLSE-Debreceni SI"]
[Site "Kecskemét"]
[Date "2018.03.04"]
[Round "7.11"]
[White "Szilagyi, Norbert"]
[Black "Tanacs, Anna"]
[Result "1-0"]
[WhiteElo "2114"]
[BlackElo "1983"]
[PlyCount "77"]
[EventDate "2017.10.29"]
[EventType "team-tourn"]
[EventRounds "9"]
[EventCountry "HUN"]
[Source "chess.hu"]
[SourceDate "2018.03.05"]
[WhiteTeam "D. Sakkiskola-Kwizda"]
[BlackTeam "Toth Laszlo SE"]
[WhiteTeamCountry "HUN"]
[BlackTeamCountry "HUN"]

1. e4 c6 2. d4 d5 3. Nd2 dxe4 4. Nxe4 Nd7 5. Bc4 Ngf6 6. Ng5 e6 7. Ne2 Nb6 8.
Bd3 h6 9. Nf3 c5 10. c3 Be7 11. O-O O-O 12. Bc2 Nbd5 13. Qd3 Qc7 14. Be3 c4 15.
Qd2 Rd8 16. Rad1 b5 17. Ne5 Bb7 18. f4 Bd6 19. Ng3 b4 20. Rb1 a5 21. Qe1 a4 22.
Bd2 a3 23. f5 axb2 24. fxe6 fxe6 25. Rxb2 bxc3 26. Bxc3 Ra3 27. Ne4 Ba8 28.
Nxd6 Qxd6 29. Nxc4 Qc6 30. Nxa3 Nxc3 31. Bb3 Ncd5 32. Nc4 Rb8 33. Qg3 Rd8 34.
Ne5 Qe8 35. Re1 Kh8 36. Rbe2 Nh5 37. Ng6+ Kh7 38. Qh4 Qxg6 39. Qxd8 1-0

[Event "TLSE-Debreceni SI"]
[Site "Kecskemét"]
[Date "2018.03.04"]
[Round "7.12"]
[White "Miszler, Levente"]
[Black "Jakab, Kincso"]
[Result "1-0"]
[WhiteElo "2156"]
[BlackElo "1878"]
[PlyCount "73"]
[EventDate "2017.10.29"]
[EventType "team-tourn"]
[EventRounds "9"]
[EventCountry "HUN"]
[Source "chess.hu"]
[SourceDate "2018.03.05"]
[WhiteTeam "Toth Laszlo SE"]
[BlackTeam "D. Sakkiskola-Kwizda"]
[WhiteTeamCountry "HUN"]
[BlackTeamCountry "HUN"]

1. Nf3 d5 2. c4 e6 3. g3 c5 4. Bg2 Nf6 5. O-O Nc6 6. d3 Be7 7. Na3 O-O 8. Bd2
Rb8 9. Rb1 b6 10. Nc2 Ba6 11. cxd5 Nxd5 12. a3 Bf6 13. b4 Nce7 14. b5 Bb7 15.
d4 cxd4 16. Ncxd4 e5 17. Nc2 Re8 18. Ng5 Nc8 19. Ne4 Nd6 20. Nxf6+ Nxf6 21.
Bxb7 Rxb7 22. Bg5 h6 23. Bxf6 Qxf6 24. a4 Rd8 25. Qd5 Rc7 26. Rfc1 Nc4 27. Qg2
Rdc8 28. Nb4 Qe6 29. Rd1 Rd7 30. Nc6 f6 31. Rbc1 Nb2 32. Rxd7 Qxd7 33. Ne7+
Qxe7 34. Rxc8+ Kf7 35. Qd5+ Kg6 36. Qe4+ Kf7 37. Qc2 1-0

[Event "Vasas-Dunaharaszti"]
[Site "Budapest"]
[Date "2018.03.04"]
[Round "7.1"]
[White "Veszpremi, Andras"]
[Black "Furedi, Erik"]
[Result "1-0"]
[WhiteElo "2279"]
[BlackElo "2276"]
[PlyCount "63"]
[EventDate "2017.10.29"]
[EventType "team-tourn"]
[EventRounds "9"]
[EventCountry "HUN"]
[Source "chess.hu"]
[SourceDate "2018.03.05"]
[WhiteTeam "Dunaharaszti MTK"]
[BlackTeam "Vasas SC"]
[WhiteTeamCountry "HUN"]
[BlackTeamCountry "HUN"]

1. e4 e5 2. Nf3 Nc6 3. Bb5 g6 4. O-O Bg7 5. c3 d6 6. d4 Bd7 7. d5 Nce7 8. Bxd7+
Qxd7 9. c4 h6 10. Nc3 Nf6 11. Ne1 O-O 12. Nd3 c6 13. f3 Ne8 14. Be3 f5 15. c5
cxd5 16. exd5 Nf6 17. cxd6 Nexd5 18. Qb3 Qf7 19. Nxe5 Qe6 20. Rad1 Qxe5 21.
Nxd5 Nxd5 22. Rxd5 Qe6 23. Re1 Kh8 24. Bd2 Qd7 25. Re7 Qc6 26. Qxb7 Qxb7 27.
Rxb7 g5 28. Bc3 Bxc3 29. bxc3 a6 30. c4 Rac8 31. d7 Rcd8 32. c5 1-0

[Event "Vasas-Dunaharaszti"]
[Site "Budapest"]
[Date "2018.03.04"]
[Round "7.2"]
[White "Torok, Sandor"]
[Black "Berczes, Csaba"]
[Result "1/2-1/2"]
[WhiteElo "2290"]
[BlackElo "2333"]
[PlyCount "34"]
[EventDate "2017.10.29"]
[EventType "team-tourn"]
[EventRounds "9"]
[EventCountry "HUN"]
[Source "chess.hu"]
[SourceDate "2018.03.05"]
[WhiteTeam "Vasas SC"]
[BlackTeam "Dunaharaszti MTK"]
[WhiteTeamCountry "HUN"]
[BlackTeamCountry "HUN"]

1. e4 d6 2. d4 Nf6 3. Nc3 Nc6 4. Nf3 Bg4 5. Bb5 a6 6. Bxc6+ bxc6 7. h3 Bxf3 8.
Qxf3 e6 9. Bg5 d5 10. O-O-O Be7 11. Bxf6 Bxf6 12. Na4 O-O 13. c4 Rb8 14. a3 Qe8
15. Rhe1 dxc4 16. Qc3 c5 17. Nxc5 Qb5 1/2-1/2

[Event "Vasas-Dunaharaszti"]
[Site "Budapest"]
[Date "2018.03.04"]
[Round "7.3"]
[White "Amstadt, Aron"]
[Black "Karacsony, Attila"]
[Result "1-0"]
[WhiteElo "2333"]
[BlackElo "2274"]
[PlyCount "41"]
[EventDate "2017.10.29"]
[EventType "team-tourn"]
[EventRounds "9"]
[EventCountry "HUN"]
[Source "chess.hu"]
[SourceDate "2018.03.05"]
[WhiteTeam "Dunaharaszti MTK"]
[BlackTeam "Vasas SC"]
[WhiteTeamCountry "HUN"]
[BlackTeamCountry "HUN"]

1. Nf3 f5 2. e4 fxe4 3. Ng5 Nf6 4. d3 e3 5. Bxe3 e5 6. d4 Nc6 7. d5 Ne7 8. Bd3
g6 9. Nc3 Bg7 10. d6 Nf5 11. Bxf5 gxf5 12. Nb5 O-O 13. Nxc7 f4 14. Bc1 h6 15.
h4 Rb8 16. Qd3 hxg5 17. hxg5 Ne8 18. Qh7+ Kf7 19. g6+ Kf6 20. Qh4+ Kxg6 21.
Qxd8 1-0

[Event "Vasas-Dunaharaszti"]
[Site "Budapest"]
[Date "2018.03.04"]
[Round "7.4"]
[White "Boguszlavszkij, Jevgenyij"]
[Black "Vegh, Endre"]
[Result "1/2-1/2"]
[WhiteElo "2173"]
[BlackElo "2267"]
[PlyCount "28"]
[EventDate "2017.10.29"]
[EventType "team-tourn"]
[EventRounds "9"]
[EventCountry "HUN"]
[Source "chess.hu"]
[SourceDate "2018.03.05"]
[WhiteTeam "Vasas SC"]
[BlackTeam "Dunaharaszti MTK"]
[WhiteTeamCountry "HUN"]
[BlackTeamCountry "HUN"]

1. e4 c5 2. Nf3 d6 3. g3 Nf6 4. Nc3 Nc6 5. Bg2 g6 6. d4 cxd4 7. Nxd4 Nxd4 8.
Qxd4 Bg7 9. O-O O-O 10. Qd3 a6 11. Nd5 Nxd5 12. exd5 Bf5 13. Qe2 Rc8 14. c3 Re8
1/2-1/2

[Event "Vasas-Dunaharaszti"]
[Site "Budapest"]
[Date "2018.03.04"]
[Round "7.6"]
[White "Havasi, Janos"]
[Black "Kovacs, Lajos"]
[Result "1/2-1/2"]
[WhiteElo "2132"]
[BlackElo "2232"]
[PlyCount "34"]
[EventDate "2017.10.29"]
[EventType "team-tourn"]
[EventRounds "9"]
[EventCountry "HUN"]
[Source "chess.hu"]
[SourceDate "2018.03.05"]
[WhiteTeam "Vasas SC"]
[BlackTeam "Dunaharaszti MTK"]
[WhiteTeamCountry "HUN"]
[BlackTeamCountry "HUN"]

1. e4 c5 2. Nc3 Nc6 3. g3 g6 4. Bg2 Bg7 5. d3 e6 6. Be3 Nd4 7. Qd2 Qa5 8. f4 d6
9. Nh3 Ne7 10. O-O O-O 11. Nd5 Nec6 12. Ne7+ Kh8 13. Nxc6 Qxd2 14. Bxd2 bxc6
15. c3 Nb5 16. g4 f6 17. e5 Bd7 1/2-1/2

[Event "Vasas-Dunaharaszti"]
[Site "Budapest"]
[Date "2018.03.04"]
[Round "7.8"]
[White "Czegledi, Barna Jr"]
[Black "Erdos, Boglarka"]
[Result "1-0"]
[WhiteElo "2173"]
[BlackElo "2125"]
[PlyCount "77"]
[EventDate "2017.10.29"]
[EventType "team-tourn"]
[EventRounds "9"]
[EventCountry "HUN"]
[Source "chess.hu"]
[SourceDate "2018.03.05"]
[WhiteTeam "Vasas SC"]
[BlackTeam "Dunaharaszti MTK"]
[WhiteTeamCountry "HUN"]
[BlackTeamCountry "HUN"]

1. d4 d5 2. c4 c6 3. Nc3 Nf6 4. Bg5 e6 5. e3 Nbd7 6. cxd5 exd5 7. Bd3 Be7 8.
Qc2 Nh5 9. Bxe7 Qxe7 10. Nge2 Ndf6 11. O-O O-O 12. Rab1 g6 13. b4 Ng7 14. b5 c5
15. dxc5 Qxc5 16. Rfd1 Be6 17. Nd4 Rac8 18. Rbc1 Ng4 19. Be2 Qd6 20. Bxg4 Bxg4
21. Rd2 Rc4 22. h3 Bd7 23. Qd1 Rfc8 24. Nce2 Qc5 25. Nb3 Rxc1 26. Nexc1 Qb6 27.
a4 Be6 28. Nd3 Nf5 29. Nf4 Ne7 30. Nd4 Rc4 31. e4 dxe4 32. Ndxe6 fxe6 33. Rd8+
Kf7 34. Qd7 Rc1+ 35. Kh2 Rc7 36. Qe8+ Kf6 37. Qh8+ Kg5 38. Qe5+ Kh6 39. Nxe6
1-0

[Event "Vasas-Dunaharaszti"]
[Site "Budapest"]
[Date "2018.03.04"]
[Round "7.9"]
[White "Kovacs, Istvan"]
[Black "Felmery, Mate"]
[Result "1/2-1/2"]
[WhiteElo "2124"]
[BlackElo "2109"]
[PlyCount "85"]
[EventDate "2017.10.29"]
[EventType "team-tourn"]
[EventRounds "9"]
[EventCountry "HUN"]
[Source "chess.hu"]
[SourceDate "2018.03.05"]
[WhiteTeam "Dunaharaszti MTK"]
[BlackTeam "Vasas SC"]
[WhiteTeamCountry "HUN"]
[BlackTeamCountry "HUN"]

1. Nf3 Nf6 2. c4 c5 3. Nc3 e6 4. d4 cxd4 5. Nxd4 a6 6. a3 Be7 7. e4 d6 8. Be2
O-O 9. Be3 Qc7 10. Rc1 b6 11. O-O Bb7 12. f3 Nbd7 13. b4 Rac8 14. Qb3 Qb8 15.
Rfd1 Bd8 16. Kh1 Bc7 17. Bg1 Rfd8 18. Bf1 Nf8 19. Na4 N8d7 20. Qa2 Re8 21. Rc2
Qa8 22. Rdc1 Bd8 23. Nb3 Bc6 24. Nc3 Be7 25. Nd4 Bb7 26. Rd1 Kh8 27. Na4 Qb8
28. Rb1 Nxe4 29. fxe4 Bxe4 30. Rf2 Bxb1 31. Qxb1 Bf6 32. Rc2 Ne5 33. Qd1 Nxc4
34. Bxc4 b5 35. Bb3 Rxc2 36. Bxc2 bxa4 37. Qd3 g6 38. Bxa4 Rc8 39. Ne2 d5 40.
Qxa6 Kg7 41. Qd3 Rc4 42. Bb3 Re4 43. Bf2 1/2-1/2

[Event "Vasas-Dunaharaszti"]
[Site "Budapest"]
[Date "2018.03.04"]
[Round "7.10"]
[White "Kaposztas, Miklos"]
[Black "Fodre, Sandor"]
[Result "1/2-1/2"]
[WhiteElo "2062"]
[BlackElo "2042"]
[PlyCount "22"]
[EventDate "2017.10.29"]
[EventType "team-tourn"]
[EventRounds "9"]
[EventCountry "HUN"]
[Source "chess.hu"]
[SourceDate "2018.03.05"]
[WhiteTeam "Vasas SC"]
[BlackTeam "Dunaharaszti MTK"]
[WhiteTeamCountry "HUN"]
[BlackTeamCountry "HUN"]

1. c4 e5 2. g3 d6 3. Bg2 c6 4. d4 Qc7 5. Nc3 Nf6 6. e4 Be7 7. Nge2 O-O 8. h3
Nbd7 9. O-O Rd8 10. b3 Nf8 11. Ba3 Ng6 1/2-1/2

[Event "Vasas-Dunaharaszti"]
[Site "Budapest"]
[Date "2018.03.04"]
[Round "7.11"]
[White "Frank, Jozsef"]
[Black "Gyurkovics, Miklos"]
[Result "1/2-1/2"]
[WhiteElo "1917"]
[BlackElo "2122"]
[PlyCount "126"]
[EventDate "2017.10.29"]
[EventType "team-tourn"]
[EventRounds "9"]
[EventCountry "HUN"]
[Source "chess.hu"]
[SourceDate "2018.03.05"]
[WhiteTeam "Dunaharaszti MTK"]
[BlackTeam "Vasas SC"]
[WhiteTeamCountry "HUN"]
[BlackTeamCountry "HUN"]

1. d4 g6 2. Nf3 Bg7 3. g3 d6 4. Bg2 Nf6 5. O-O O-O 6. c3 Nbd7 7. Bg5 h6 8. Bxf6
Nxf6 9. Nbd2 c5 10. Qb3 Qc7 11. e3 Be6 12. c4 Rfc8 13. d5 Bd7 14. Rfe1 Rcb8 15.
a4 Qa5 16. Qc2 Ne8 17. e4 Nc7 18. e5 Bf5 19. Qc3 b6 20. Nh4 Bc8 21. f4 g5 22.
Nhf3 Bf5 23. fxg5 hxg5 24. Nxg5 Bxe5 25. Rxe5 Qxc3 26. bxc3 dxe5 27. d6 exd6
28. Bxa8 Rxa8 29. Kf2 Kf8 30. a5 bxa5 31. Rxa5 a6 32. Nf1 Rb8 33. Ne3 Rb2+ 34.
Kf3 Bc8 35. h4 f5 36. Nd1 Bb7+ 37. Ke3 Rg2 38. Ra3 Rxg3+ 39. Kf2 Rg4 40. Rb3
Ba8 41. Rb8+ Ke7 42. Ne3 Rf4+ 43. Kg3 Bc6 44. Rc8 Kd7 45. Rxc7+ Kxc7 46. Ne6+
Kd7 47. Nxf4 exf4+ 48. Kxf4 a5 49. Kxf5 a4 50. Nc2 Ke7 51. Na3 Bf3 52. Kg6 Ke6
53. h5 Ke5 54. h6 Be4+ 55. Kf7 Bd3 56. Ke7 d5 57. cxd5 Kxd5 58. c4+ Kd4 59. Kd6
Bh7 60. Kc6 Be4+ 61. Kb5 Bd3 62. Kxa4 Ke5 63. Kb5 Kf6 1/2-1/2

[Event "Vasas-Dunaharaszti"]
[Site "Budapest"]
[Date "2018.03.04"]
[Round "7.12"]
[White "Kis, Bela"]
[Black "Baski, Barnabas"]
[Result "1/2-1/2"]
[WhiteElo "2052"]
[BlackElo "1789"]
[PlyCount "87"]
[EventDate "2017.10.29"]
[EventType "team-tourn"]
[EventRounds "9"]
[EventCountry "HUN"]
[Source "chess.hu"]
[SourceDate "2018.03.05"]
[WhiteTeam "Vasas SC"]
[BlackTeam "Dunaharaszti MTK"]
[WhiteTeamCountry "HUN"]
[BlackTeamCountry "HUN"]

1. d4 Nf6 2. c4 e6 3. Nc3 Bb4 4. a3 Bxc3+ 5. bxc3 c5 6. f3 Nc6 7. e4 d6 8. Be3
Qa5 9. Bd2 Qc7 10. Be3 Qa5 11. Bd2 Qc7 12. d5 Na5 13. Bd3 b6 14. Ne2 Ba6 15.
Bg5 Qe7 16. O-O O-O-O 17. Qa4 h6 18. Bxf6 Qxf6 19. Rab1 Rhg8 20. Rb5 Bxb5 21.
cxb5 exd5 22. exd5 Qe5 23. Qe4 Rge8 24. c4 Nb3 25. Qxe5 Rxe5 26. g4 Rde8 27.
Kf2 g6 28. Rd1 h5 29. h3 hxg4 30. hxg4 Rh8 31. Kg2 f5 32. gxf5 gxf5 33. f4 Re7
34. Bxf5+ Kd8 35. Be6 Na5 36. Rc1 Rg7+ 37. Kf3 Nb3 38. Rc3 Nd4+ 39. Nxd4 cxd4
40. Rd3 Ke7 41. Ke4 Kf6 42. a4 Rh4 43. Rf3 Rg1 44. Kxd4 1/2-1/2